[Event "66th ch-RUS HL w 2016"]
[Site "Kolomna RUS"]
[Date "2016.06.22"]
[Round "1.1"]
[White "Kashlinskaya, Alina"]
[Black "Diakonova, Ekaterina"]
[Result "1/2-1/2"]
[WhiteTitle "IM"]
[WhiteElo "2467"]
[BlackElo "2212"]
[WhiteFideId "4198026"]
[BlackFideId "24172936"]
[EventDate "2016.06.22"]

1. d4 Nf6 2. c4 g6 3. Nc3 Bg7 4. e4 d6 5. Nf3 O-O 6. h3 e5 7. d5 a5 8. Be3 Na6
9. Nd2 Nd7 10. g4 Ndc5 11. Rg1 Kh8 12. a3 Bd7 13. g5 f6 14. h4 fxg5 15. hxg5 a4
16. Qe2 c6 17. Rh1 Rf7 18. f3 Qa5 19. Qh2 Bf8 20. f4 exf4 21. Bxf4 Bg4 22. Bxd6
Bxd6 23. Qxd6 Qb6 24. Qg3 Qxb2 25. Rb1 Qxa3 26. Be2 Nb4 27. Rxb4 Bxe2 28. Kxe2
Qxb4 29. e5 Raf8 30. e6 Rf2+ 31. Ke1 R2f3 32. Qh4 h5 33. Qd4+ Kg8 34. Nxf3 Rxf3
35. e7 Kf7 36. d6 Nd7 37. e8=Q+ Kxe8 38. Qe4+ Ne5 39. Qxe5+ Kf7 40. Rf1 Rxf1+
41. Kxf1 Qxc4+ 42. Ne2 Qe6 43. Qd4 Ke8 44. Nf4 Qf7 45. Qxa4 Kd7 46. Qd4 Qf5 47.
Qg7+ Kxd6 48. Qd4+ Kc7 49. Ke1 Qb1+ 50. Kd2 Qa2+ 51. Ke3 Qb3+ 52. Ke4 Qc2+ 53.
Kf3 Qf5 54. Kf2 Kc8 55. Qh8+ Kd7 56. Qg7+ Kd6 57. Qd4+ Ke7 58. Qe3+ Kf7 59. Qb3+
Ke8 60. Qg3 b5 61. Ke1 Qe5+ 62. Kd1 c5 63. Qh4 c4 64. Ne2 Qd5+ 65. Kc1 Qd3 66.
Qf2 b4 67. Nf4 1/2-1/2

[Event "66th ch-RUS HL w 2016"]
[Site "Kolomna RUS"]
[Date "2016.06.22"]
[Round "1.2"]
[White "Chernyak, Viktoria"]
[Black "Kovalevskaya, Ekaterina"]
[Result "1-0"]
[WhiteTitle "WFM"]
[BlackTitle "IM"]
[WhiteElo "2196"]
[BlackElo "2466"]
[WhiteFideId "24165956"]
[BlackFideId "4116704"]
[EventDate "2016.06.22"]

1. d4 Nf6 2. Nf3 c5 3. d5 g6 4. Nc3 Bg7 5. e4 d6 6. Be2 O-O 7. O-O Bg4 8. h3
Bxf3 9. Bxf3 Na6 10. Re1 Nc7 11. a4 a6 12. Be2 e6 13. dxe6 fxe6 14. Be3 Qe7 15.
Qd3 Rad8 16. e5 dxe5 17. Qc4 Rd4 18. Qb3 Rb4 19. Qa2 Kh8 20. Rad1 Nfd5 21. Bg4
Nxe3 22. Rxe3 Rd4 23. Qb3 Nd5 24. Nxd5 exd5 25. Rxd4 cxd4 26. Rf3 Rxf3 27. gxf3
h5 28. Bc8 Qg5+ 29. Kf1 e4 30. Bxb7 Qc1+ 31. Ke2 d3+ 32. cxd3 exd3+ 33. Kxd3
Qf1+ 34. Kc2 d4 35. Qd3 Qxf2+ 36. Kb3 Qg3 37. Bxa6 Qxh3 38. Qxg6 Qxf3+ 39. Bd3
Kg8 40. a5 Qb7+ 41. Ka4 Qd7+ 42. Bb5 Qd5 43. b3 Qf3 44. a6 d3 45. Bc4+ Kf8 46.
Qd6+ 1-0

[Event "66th ch-RUS HL w 2016"]
[Site "Kolomna RUS"]
[Date "2016.06.22"]
[Round "1.3"]
[White "Nechaeva, Marina"]
[Black "Lingur, Zalina"]
[Result "1-0"]
[WhiteTitle "IM"]
[BlackTitle "WFM"]
[WhiteElo "2425"]
[BlackElo "2182"]
[WhiteFideId "4149351"]
[BlackFideId "34165670"]
[EventDate "2016.06.22"]

1. d4 Nf6 2. Nf3 e6 3. e3 c5 4. c4 d5 5. Nc3 Nc6 6. a3 cxd4 7. exd4 Be7 8. c5 b6
9. Bb5 Bd7 10. Ne5 Qc8 11. Nxd7 Qxd7 12. Qa4 Rc8 13. b4 O-O 14. O-O e5 15. Bxc6
Rxc6 16. b5 Rcc8 17. c6 Qf5 18. Be3 Bd6 19. h3 Rfe8 20. Qd1 e4 21. a4 h5 22. f3
Qg6 23. Ne2 Rc7 24. f4 Qf5 25. a5 Rce7 26. axb6 axb6 27. Ra6 Rb8 28. Qc2 Bc7 29.
Rfa1 Ree8 30. Ra7 Rec8 31. Qd1 h4 32. Qe1 Qh7 33. Kh1 Ne8 34. Nc3 Nf6 35. Bf2
Bxf4 36. Bxh4 Qh5 37. Bxf6 gxf6 38. Qf2 Bh6 39. c7 1-0

[Event "66th ch-RUS HL w 2016"]
[Site "Kolomna RUS"]
[Date "2016.06.22"]
[Round "1.4"]
[White "Gvanceladze, Anna"]
[Black "Shuvalova, Polina"]
[Result "0-1"]
[WhiteTitle "WFM"]
[BlackTitle "WFM"]
[WhiteElo "2179"]
[BlackElo "2409"]
[WhiteFideId "4113721"]
[BlackFideId "24171760"]
[EventDate "2016.06.22"]

1. e4 e5 2. Nf3 Nc6 3. Bb5 a6 4. Bxc6 dxc6 5. O-O Qd6 6. d4 exd4 7. Nxd4 Bd7 8.
Be3 O-O-O 9. Nd2 Nh6 10. f3 f5 11. Qe2 f4 12. Nc4 Qf6 13. Bf2 Bc5 14. c3 Rhe8
15. Rfd1 Nf7 16. Rd2 Ne5 17. Rad1 Nxc4 18. Qxc4 Bb6 19. Qf1 g5 20. Nb3 Bxf2+ 21.
Qxf2 b6 22. Qe2 Be6 23. Qxa6+ Kb8 24. Rd4 Bc8 25. Qd3 Rxd4 26. Qxd4 Qg6 27. Qf2
g4 28. Re1 c5 29. fxg4 Rxe4 30. h3 Bb7 31. Rxe4 Qxe4 32. Nd2 Qc2 33. Nc4 Qe4 34.
b3 Qd3 35. Qd2 Qg3 36. Qf2 Qxc3 37. Qxf4 Qa1+ 38. Kh2 Qxa2 39. Qg3 b5 40. Ne5
Qc2 41. g5 Bd5 42. h4 Kb7 43. h5 Qe2 44. h6 Qh5+ 45. Kg1 Qd1+ 46. Kf2 b4 47. Qe3
Qc2+ 48. Qe2 Qf5+ 49. Nf3 Kb6 50. Qe3 Qc2+ 51. Nd2 Bxb3 52. Qxb3 Qxd2+ 53. Kf3
Qxg5 54. Qe6+ Ka5 55. Qc6 Qf5+ 56. Ke3 Qe5+ 57. Kf3 b3 58. Qa8+ Kb4 59. Qb8+ Kc3
60. Qf8 Qd5+ 61. Ke3 Qd3+ 62. Kf2 c4 63. Qg7+ Kc2 64. Qa1 Qd2+ 0-1

[Event "66th ch-RUS HL w 2016"]
[Site "Kolomna RUS"]
[Date "2016.06.22"]
[Round "1.5"]
[White "Savina, Anastasia"]
[Black "Matiukova, Uliana"]
[Result "1-0"]
[WhiteTitle "IM"]
[WhiteElo "2384"]
[BlackElo "2179"]
[WhiteFideId "4196872"]
[BlackFideId "34100579"]
[EventDate "2016.06.22"]

1. d4 Nf6 2. c4 e6 3. Nf3 b6 4. g3 Ba6 5. Qc2 d5 6. cxd5 exd5 7. Bg2 c5 8. O-O
Be7 9. Nc3 O-O 10. dxc5 bxc5 11. Rd1 Nc6 12. Qa4 Qb6 13. Bg5 d4 14. Bxf6 Bxf6
15. Nd5 Qb5 16. Qxb5 Bxb5 17. Nxf6+ gxf6 18. Rdc1 Bxe2 19. Rxc5 Rac8 20. Rxc6
Rxc6 21. Nxd4 Rb6 22. Nxe2 Rxb2 23. Nf4 Rd8 24. Bd5 Rd2 25. Bb3 a5 26. Nh5 R8d6
27. Rc1 Kf8 28. Rc7 Rd7 29. Rc8+ Rd8 30. Rc7 R8d7 31. Rc5 Ra7 32. Rc8+ Ke7 33.
Ng7 Rd8 34. Nf5+ Kd7 35. Rc4 Ra6 36. Re4 Kc8 37. Bxf7 a4 38. Rc4+ Kb8 39. Nd4
Rc8 40. Rb4+ Kc7 41. Bc4 Ra5 42. Bb5 Rca8 43. Bd3 h6 44. Kg2 Kd6 45. Nf5+ Kc5
46. Rc4+ 1-0

[Event "66th ch-RUS HL w 2016"]
[Site "Kolomna RUS"]
[Date "2016.06.22"]
[Round "1.6"]
[White "Chkhan, Viktoria"]
[Black "Kovanova, Baira"]
[Result "0-1"]
[WhiteTitle "WFM"]
[BlackTitle "WGM"]
[WhiteElo "2164"]
[BlackElo "2382"]
[WhiteFideId "4123107"]
[BlackFideId "4164083"]
[EventDate "2016.06.22"]

1. d4 Nf6 2. c4 e6 3. Nf3 b6 4. a3 Ba6 5. Qc2 Bb7 6. Nc3 c5 7. e4 cxd4 8. Nxd4
Bc5 9. Nf3 Nc6 10. b4 Nd4 11. Qd3 Nxf3+ 12. gxf3 Be7 13. Rg1 Nh5 14. f4 g6 15.
Be2 Ng7 16. Be3 O-O 17. Rd1 d6 18. Qc2 Qc8 19. Qb3 f5 20. f3 Kh8 21. Rd2 e5 22.
fxe5 Bh4+ 23. Kd1 dxe5 24. Rf1 fxe4 25. fxe4 Qh3 26. Rxf8+ Rxf8 27. Nd5 Qxh2 0-1

[Event "66th ch-RUS HL w 2016"]
[Site "Kolomna RUS"]
[Date "2016.06.22"]
[Round "1.7"]
[White "Vasilevich, Tatjana"]
[Black "Alekseeva, Irina"]
[Result "1-0"]
[WhiteTitle "IM"]
[WhiteElo "2367"]
[BlackElo "2161"]
[WhiteFideId "14101610"]
[BlackFideId "24178683"]
[EventDate "2016.06.22"]

1. d4 Nf6 2. c4 g6 3. Nc3 Bg7 4. e4 d6 5. f3 O-O 6. Bg5 c6 7. Qd2 Nbd7 8. Bd3 a6
9. Nge2 b5 10. b3 Re8 11. O-O Nh5 12. g4 Nhf6 13. Rad1 Nf8 14. Kg2 Qc7 15. Ng3
b4 16. Nce2 c5 17. d5 e6 18. h4 exd5 19. exd5 N6d7 20. h5 Ne5 21. Bc2 Qd7 22.
Qf4 Ra7 23. h6 Bh8 24. Bf6 Nxg4 25. fxg4 Qxg4 26. Qxg4 Bxg4 27. Rd2 Bxf6 28.
Rxf6 Rae7 29. Kf2 Nd7 30. Rxd6 Ne5 31. Ne4 Nf3 32. Rd1 Ng5 33. Nf6+ Kf8 34. Ng3
Nh3+ 35. Kf1 Bxd1 36. Nxh7+ Kg8 37. Nf6+ Kf8 38. Nxe8 Bxc2 39. h7 Bd3+ 40. Kg2 1-0

[Event "66th ch-RUS HL w 2016"]
[Site "Kolomna RUS"]
[Date "2016.06.22"]
[Round "1.8"]
[White "Sukhareva, Evgeniya"]
[Black "Charochkina, Daria"]
[Result "0-1"]
[BlackTitle "IM"]
[WhiteElo "2156"]
[BlackElo "2359"]
[WhiteFideId "4167155"]
[BlackFideId "4180917"]
[EventDate "2016.06.22"]

1. d4 Nf6 2. c4 g6 3. Nc3 d5 4. Nf3 Bg7 5. e3 O-O 6. Bd2 c6 7. h3 Ne4 8. cxd5
Nxd2 9. Nxd2 cxd5 10. Qb3 e6 11. Be2 Nc6 12. Rd1 Bd7 13. O-O Na5 14. Qa3 Re8 15.
b4 Nc6 16. Qb3 Rc8 17. Nf3 Qe7 18. a3 Red8 19. Rc1 Be8 20. Rc2 g5 21. Nb1 h5 22.
Rfc1 a6 23. Ne5 Bxe5 24. dxe5 f6 25. exf6 Qxf6 26. Nd2 Rc7 27. Nf1 Rg7 28. Qb2
e5 29. a4 d4 30. Qb3+ Bf7 31. Bc4 d3 32. Rd2 e4 33. Ng3 Qg6 34. Bxf7+ Rxf7 35.
b5 Ne5 36. Qb4 Re8 37. Nxe4 a5 38. Qxa5 Qxe4 39. Qa7 Nc4 40. Rdd1 b6 41. Qa6
Ref8 42. f3 Rxf3 43. gxf3 Qxe3+ 44. Kh1 Qxf3+ 45. Kh2 Re8 46. Re1 Qf2+ 47. Kh1
Rxe1+ 48. Rxe1 Qxe1+ 49. Kh2 Qf2+ 50. Kh1 Qf3+ 51. Kh2 d2 52. Qc8+ Kg7 53. Qd7+
Qf7 54. Qd4+ Qf6 55. Qd7+ Kh6 56. Kg1 Qd6 0-1

[Event "66th ch-RUS HL w 2016"]
[Site "Kolomna RUS"]
[Date "2016.06.22"]
[Round "1.9"]
[White "Bivol, Alina"]
[Black "Drogovoz, Irina"]
[Result "1-0"]
[WhiteTitle "WIM"]
[BlackTitle "WIM"]
[WhiteElo "2359"]
[BlackElo "2143"]
[WhiteFideId "4100123"]
[BlackFideId "4176715"]
[EventDate "2016.06.22"]

1. e4 c5 2. Nf3 d6 3. d4 cxd4 4. Nxd4 Nf6 5. Nc3 e6 6. g3 Nc6 7. Bg2 Qc7 8. O-O
Be7 9. Be3 Bd7 10. h3 Nxd4 11. Qxd4 b5 12. f4 e5 13. Qd2 Bc6 14. g4 exf4 15.
Rxf4 O-O 16. Raf1 Nd7 17. Nd5 Bxd5 18. Qxd5 Ne5 19. R4f2 a6 20. Bd4 Rad8 21. b3
Bh4 22. Re2 Bf6 23. Be3 Qe7 24. Rd1 Bg5 25. Qd2 h6 26. Bxg5 hxg5 27. Qa5 Qa7+
28. Kh2 Rd7 29. a4 Qb7 30. axb5 Qxb5 31. Qxb5 axb5 32. Rd5 b4 33. Red2 Rc7 34.
Rxd6 Rfc8 35. Rd8+ Rxd8 36. Rxd8+ Kh7 37. Rd2 Rc3 38. Kg1 Nf3+ 39. Bxf3 Rxf3 40.
Rd3 Rf4 41. Rd4 Rf3 42. Rxb4 Rxh3 43. Kg2 Re3 44. Rc4 Kg6 45. Kf2 Rh3 46. Rc6+
f6 47. Rc7 1-0

[Event "66th ch-RUS HL w 2016"]
[Site "Kolomna RUS"]
[Date "2016.06.22"]
[Round "1.10"]
[White "Nasybullina, Alfia"]
[Black "Schepetkova, Margarita"]
[Result "1/2-1/2"]
[WhiteTitle "WFM"]
[BlackTitle "WIM"]
[WhiteElo "2143"]
[BlackElo "2355"]
[WhiteFideId "4132416"]
[BlackFideId "4189949"]
[EventDate "2016.06.22"]

1. d4 d5 2. Nf3 Nf6 3. c4 c6 4. Qb3 dxc4 5. Qxc4 Bg4 6. Nc3 Nbd7 7. e4 Bxf3 8.
gxf3 e5 9. Be3 exd4 10. Bxd4 Bd6 11. O-O-O Qe7 12. Kb1 O-O 13. Qe2 Be5 14. Bh3
Rfd8 15. Be3 Nf8 16. Qc4 Ng6 17. Rxd8+ Rxd8 18. Ne2 Nh5 19. Ng3 Qf6 20. Bg4 Nxg3
21. fxg3 Bxb2 22. f4 Bd4 23. Bc1 Qe7 24. Re1 Nf8 25. Bd1 Qc7 26. e5 b5 27. Qe2
Bc3 28. Rf1 c5 29. Rf3 Qa5 30. f5 Bxe5 31. Qxe5 Rxd1 32. Qxc5 h6 33. f6 Qa6 34.
fxg7 Qg6+ 35. Qf5 Kxg7 36. Kc2 Rd5 37. Bb2+ Kg8 38. Qxg6+ Nxg6 39. Ra3 Rd7 40.
Ra5 Rb7 41. Bd4 Ne7 42. Rxa7 Rxa7 43. Bxa7 Kg7 44. Bc5 Nc6 45. Kd3 Kf6 46. Ke4 1/2-1/2

[Event "66th ch-RUS HL w 2016"]
[Site "Kolomna RUS"]
[Date "2016.06.22"]
[Round "1.11"]
[White "Zaiatz, Elena"]
[Black "Khazieva, Elza"]
[Result "1-0"]
[WhiteTitle "IM"]
[BlackTitle "WFM"]
[WhiteElo "2344"]
[BlackElo "2128"]
[WhiteFideId "4139518"]
[BlackFideId "4100166"]
[EventDate "2016.06.22"]

1. d4 Nf6 2. c4 e6 3. Nc3 Bb4 4. e3 b6 5. Ne2 Ba6 6. a3 Bxc3+ 7. Nxc3 d5 8. Qf3
c6 9. b3 O-O 10. g4 Bb7 11. g5 Ne4 12. Nxe4 dxe4 13. Qg3 b5 14. Bd2 bxc4 15.
bxc4 Na6 16. Rb1 Rb8 17. c5 Ba8 18. Rc1 Qc8 19. Bc4 Nc7 20. h4 Nb5 21. g6 Rb7
22. gxh7+ Kh8 23. a4 Na3 24. Ba6 Qb8 25. Bxb7 Qxb7 26. h5 Kxh7 27. Qg4 1-0

[Event "66th ch-RUS HL w 2016"]
[Site "Kolomna RUS"]
[Date "2016.06.22"]
[Round "1.12"]
[White "Solozhenkina, Elizaveta"]
[Black "Mirzoeva, Elmira"]
[Result "0-1"]
[WhiteTitle "WFM"]
[BlackTitle "WGM"]
[WhiteElo "2123"]
[BlackElo "2344"]
[WhiteFideId "34106615"]
[BlackFideId "4127951"]
[EventDate "2016.06.22"]

1. e4 c5 2. Nf3 Nc6 3. Bb5 g6 4. Bxc6 dxc6 5. h3 Bg7 6. d3 Nh6 7. O-O f6 8. Be3
b6 9. a4 a5 10. Nbd2 Nf7 11. Nc4 O-O 12. b4 axb4 13. a5 bxa5 14. Bxc5 Be6 15.
Nb6 Ra6 16. Nd4 Bd7 17. Nc4 f5 18. exf5 gxf5 19. Qf3 Nd6 20. Rae1 Nxc4 21. Bxe7
Qb8 22. dxc4 Bxd4 23. Bxf8 Qxf8 24. Qg3+ Kh8 25. Qc7 Ra7 26. Qf4 c5 27. Rd1 Bc6
28. Rfe1 Rg7 29. g3 Qf6 30. Qb8+ Rg8 31. Qc7 Be4 0-1

[Event "66th ch-RUS HL w 2016"]
[Site "Kolomna RUS"]
[Date "2016.06.22"]
[Round "1.13"]
[White "Ovod, Evgenija"]
[Black "Shaydullina, Sandugach"]
[Result "1-0"]
[WhiteTitle "IM"]
[BlackTitle "WGM"]
[WhiteElo "2338"]
[BlackElo "2110"]
[WhiteFideId "4131827"]
[BlackFideId "4140389"]
[EventDate "2016.06.22"]

1. d4 d5 2. c4 e6 3. Nf3 Nf6 4. e3 c5 5. cxd5 exd5 6. Bb5+ Bd7 7. Bxd7+ Nbxd7 8.
dxc5 Nxc5 9. O-O Bd6 10. Nc3 O-O 11. b3 a5 12. Bb2 Re8 13. Nb5 Be7 14. Rc1 Nfe4
15. Nfd4 Qb6 16. Qg4 Nf6 17. Qe2 g6 18. Rfd1 Bf8 19. Nf3 Rad8 20. Bxf6 Qxf6 21.
Nc7 Re4 22. Nxd5 Qf5 23. Nc3 Ree8 24. Nd4 Qf6 25. Qc4 Re5 26. Nf3 Rxd1+ 27. Rxd1
Rf5 28. h3 b5 29. Nxb5 Ne6 30. Nbd4 Rc5 31. Qe2 Nc7 32. Qd2 Nd5 33. Rc1 Qb6 34.
Rxc5 Bxc5 35. Ne5 Bb4 36. Qc2 Bc3 37. Nc4 Qc5 38. Ne2 Bf6 39. Qe4 Kg7 40. Nf4
Nc3 41. Qb7 Be7 42. a4 h5 43. Nxa5 g5 44. Nxh5+ Kg6 45. Qc6+ Qxc6 46. Nxc6 Bd6
47. g4 f5 48. Kg2 Ne4 49. a5 Nc5 50. b4 Ne6 51. Ng3 f4 52. Ne4 Bc7 53. b5 fxe3
54. fxe3 Nd8 55. a6 Nxc6 56. bxc6 Bb6 57. c7 1-0

[Event "66th ch-RUS HL w 2016"]
[Site "Kolomna RUS"]
[Date "2016.06.22"]
[Round "1.14"]
[White "Lysenko, Margarita"]
[Black "Gritsayeva, Oksana"]
[Result "1/2-1/2"]
[WhiteTitle "WFM"]
[BlackTitle "WFM"]
[WhiteElo "2097"]
[BlackElo "2336"]
[WhiteFideId "34100200"]
[BlackFideId "14104652"]
[EventDate "2016.06.22"]

1. d4 d5 2. c4 e6 3. Nc3 c6 4. Nf3 f5 5. e3 Bd6 6. Ne5 Nf6 7. Be2 O-O 8. O-O
Nbd7 9. f4 Ne4 10. Qb3 Ndf6 11. a3 Kh8 12. Qc2 Bd7 13. Bd2 Nxd2 14. Qxd2 Be8 15.
b4 Nd7 16. c5 Be7 17. Nxd7 Bxd7 18. Nd1 g5 19. Nf2 gxf4 20. exf4 Bf6 21. Qe3 Qe7
22. Nd3 Qg7 23. Ne5 Rg8 24. g3 Be8 25. Kh1 Rc8 26. a4 h5 27. Rg1 Rc7 28. Rab1 a6
29. Rbc1 Qh6 30. h3 Rcg7 31. Kh2 Rf8 32. Rcf1 Rfg8 33. Rc1 Rh7 34. Rcd1 Qg7 35.
Rdf1 Qc7 36. Rb1 Rf8 37. Rbf1 Rg7 38. Bd3 Rfg8 39. Be2 Bg6 40. Re1 Be8 41. Ref1
Rf8 42. Bd3 1/2-1/2

[Event "66th ch-RUS HL w 2016"]
[Site "Kolomna RUS"]
[Date "2016.06.22"]
[Round "1.15"]
[White "Severina, Maria"]
[Black "Korchagina, Alena"]
[Result "1/2-1/2"]
[WhiteTitle "WIM"]
[BlackTitle "WFM"]
[WhiteElo "2330"]
[BlackElo "2091"]
[WhiteFideId "4116909"]
[BlackFideId "24173452"]
[EventDate "2016.06.22"]

1. Nf3 d5 2. e3 Nf6 3. b3 Bf5 4. Bb2 e6 5. Be2 h6 6. O-O Bd6 7. Ne5 Nbd7 8. f4
O-O 9. d3 Bc5 10. d4 Be7 11. Nd2 c6 12. c4 Ne4 13. Ndf3 Ndf6 14. c5 Ng4 15. Nxg4
Bxg4 16. b4 a5 17. a3 axb4 18. axb4 Rxa1 19. Qxa1 Qa8 20. Qd1 b6 21. Qc2 Qb7 22.
Bd3 bxc5 23. bxc5 Rb8 24. Ba1 Bxf3 25. gxf3 Nf6 26. Bc3 Ne8 27. Kh1 Nc7 28. Rg1
Qb3 29. Qd2 Nb5 30. Rb1 Qa3 31. Bb4 Qa7 32. Ba5 Na3 33. Rxb8+ Qxb8 34. Qa2 Nc4
35. Bxc4 dxc4 36. Qxc4 Qb1+ 37. Kg2 Qg6+ 38. Kf1 Qb1+ 39. Kg2 Qg6+ 40. Kf1 Qb1+
41. Be1 Bh4 42. Qe2 Qc1 43. Qd2 Qb1 44. Qe2 1/2-1/2

[Event "66th ch-RUS HL w 2016"]
[Site "Kolomna RUS"]
[Date "2016.06.22"]
[Round "1.16"]
[White "Potapova, Margarita"]
[Black "Ubiennykh, Ekaterina"]
[Result "1-0"]
[WhiteTitle "WFM"]
[BlackTitle "WIM"]
[WhiteElo "2061"]
[BlackElo "2324"]
[WhiteFideId "14126869"]
[BlackFideId "4137582"]
[EventDate "2016.06.22"]

1. Nf3 Nf6 2. c4 g6 3. d4 Bg7 4. Nc3 O-O 5. e4 d6 6. Be2 Na6 7. O-O c6 8. Bg5 h6
9. Bh4 Bg4 10. Re1 Nc7 11. Qd2 Kh7 12. Rad1 Qe8 13. e5 dxe5 14. Nxe5 Bxe2 15.
Qxe2 Rd8 16. Ne4 Nxe4 17. Qxe4 f5 18. Qc2 Bf6 19. Bg3 Rc8 20. f3 Ne6 21. Bf2 Ng7
22. Qb3 Rc7 23. Bg3 Qc8 24. Qa3 Nh5 25. Qxa7 Nxg3 26. hxg3 Kg7 27. Qb6 h5 28.
Nd3 e6 29. Nf4 Re7 30. d5 exd5 31. Rxe7+ Bxe7 32. cxd5 Rf7 33. d6 Bf6 34. Qb3 c5
35. Qe6 Rd7 36. Kh2 Qd8 37. Qd5 Kh7 38. Ne6 Qb8 39. Nxc5 Rg7 40. d7 h4 41. Qd6
hxg3+ 42. Kg1 Qa7 43. Qxf6 Qxc5+ 44. Kh1 Qc4 45. Qxg7+ Kxg7 46. d8=Q Kh6 47. Qd4
Qc7 48. Qh8+ 1-0

[Event "66th ch-RUS HL w 2016"]
[Site "Kolomna RUS"]
[Date "2016.06.22"]
[Round "1.17"]
[White "Belenkaya, Dina"]
[Black "Samdanova, Surena"]
[Result "0-1"]
[WhiteTitle "WFM"]
[WhiteElo "2299"]
[BlackElo "2060"]
[WhiteFideId "24142654"]
[BlackFideId "24136646"]
[EventDate "2016.06.22"]

1. e4 c5 2. Nf3 Nc6 3. Bb5 g6 4. O-O Bg7 5. Re1 Nf6 6. c3 O-O 7. h3 e5 8. d4
cxd4 9. cxd4 d5 10. dxe5 Nxe4 11. Nc3 Qb6 12. Qe2 Ng3 13. Qd3 Bf5 14. Qxd5 Nb4
15. Qb3 Nc2 16. Be3 Nxe3 17. Rxe3 Be6 18. Qa3 Rfd8 19. Ng5 Bf8 20. Qa4 Rd4 21.
Qc2 Nf5 22. Nxe6 Qxe6 23. Ree1 Rad8 24. Qb3 a6 25. Qxe6 fxe6 26. Ba4 Bb4 27. Bb3
Kf7 28. Red1 Ke7 29. Kf1 g5 30. Rxd4 Rxd4 31. Rd1 Rf4 32. Rd3 Bc5 33. Rd2 Be3
34. Rd3 Rxf2+ 35. Ke1 Rxg2 36. Ne2 Rh2 37. Ng3 Bf2+ 38. Kd1 Bxg3 39. Rc3 Bxe5
40. Rd3 Rxb2 0-1

[Event "66th ch-RUS HL w 2016"]
[Site "Kolomna RUS"]
[Date "2016.06.22"]
[Round "1.18"]
[White "Mikhailova, Lubov"]
[Black "Pustovoitova, Daria"]
[Result "0-1"]
[BlackTitle "FM"]
[WhiteElo "2051"]
[BlackElo "2297"]
[WhiteFideId "4164296"]
[BlackFideId "4182146"]
[EventDate "2016.06.22"]

1. Nf3 d5 2. c4 d4 3. e3 c5 4. exd4 cxd4 5. g3 Nc6 6. Bg2 Nf6 7. O-O Bf5 8. d3
e6 9. Nh4 Bg4 10. Qa4 Qb6 11. Re1 Nd7 12. Bd2 Qxb2 13. Bxc6 bxc6 14. Qxc6 Rd8
15. Ba5 Bb4 16. Bxb4 Qxb4 17. Qe4 Nf6 18. Qe5 O-O 19. a4 Nd7 0-1

[Event "66th ch-RUS HL w 2016"]
[Site "Kolomna RUS"]
[Date "2016.06.22"]
[Round "1.19"]
[White "Styazhkina, Anna"]
[Black "Mukhina, Jana"]
[Result "1-0"]
[WhiteTitle "WIM"]
[WhiteElo "2297"]
[BlackElo "2017"]
[WhiteFideId "24119300"]
[BlackFideId "34115428"]
[EventDate "2016.06.22"]

1. e4 e5 2. Nf3 Nc6 3. Bb5 a6 4. Ba4 Nf6 5. d3 b5 6. Bb3 Bc5 7. a4 Rb8 8. O-O d6
9. axb5 axb5 10. c3 h6 11. Re1 O-O 12. h3 Re8 13. Nbd2 Nh5 14. Nf1 Qf6 15. Ne3
Nf4 16. Ng4 Qg6 17. Bxf4 exf4 18. d4 h5 19. Ngh2 Bb6 20. Nh4 Qg5 21. N2f3 Qh6
22. Qd3 Bd7 23. e5 dxe5 24. d5 Na5 25. Bc2 e4 26. Rxe4 Rxe4 27. Qxe4 Re8 28. Qd3
g6 29. d6 c6 30. b4 Nc4 31. Bb3 Qg7 32. Ra6 Bd8 33. Ra7 Bxh4 34. Rxd7 Bf6 35.
Bxc4 bxc4 36. Qxc4 g5 37. Qxc6 Kf8 38. Rc7 Bd8 39. d7 Re6 40. Qc5+ Kg8 41. Rc8
Qf6 42. Qxg5+ 1-0

[Event "66th ch-RUS HL w 2016"]
[Site "Kolomna RUS"]
[Date "2016.06.22"]
[Round "1.20"]
[White "Ustich, Ekaterina"]
[Black "Dordzhieva, Dinara"]
[Result "0-1"]
[BlackTitle "WIM"]
[WhiteElo "2007"]
[BlackElo "2296"]
[WhiteFideId "24179221"]
[BlackFideId "24157570"]
[EventDate "2016.06.22"]

1. e4 c5 2. Nf3 d6 3. d4 cxd4 4. Nxd4 Nf6 5. f3 e5 6. Bb5+ Nbd7 7. Nf5 d5 8.
exd5 a6 9. Ba4 b5 10. Bb3 Nc5 11. Ne3 Nxb3 12. axb3 Bc5 13. Nc3 O-O 14. Qd3 Nh5
15. g3 f5 16. Bd2 f4 17. Nf1 Bh3 18. Ne4 Bg2 19. Nxc5 Bxh1 20. Ne6 Qd6 21. Nxf8
Rxf8 22. gxf4 Nxf4 23. Bxf4 Rxf4 24. Nd2 Bxf3 25. Nxf3 e4 26. Qd2 exf3 27. O-O-O
g6 28. Qe3 Rf6 29. Rd2 b4 30. c4 bxc3 31. bxc3 Qa3+ 32. Kd1 Qa1+ 33. Kc2 Qa2+
34. Kd3 Qxb3 35. Qe8+ Kg7 36. Qe7+ Rf7 37. Qe5+ Kh6 38. Rf2 Rf5 39. Qe3+ Kh5 40.
Qe4 Rxd5+ 41. Ke3 Qxc3+ 42. Kf4 Rd4 0-1

[Event "66th ch-RUS HL w 2016"]
[Site "Kolomna RUS"]
[Date "2016.06.22"]
[Round "1.21"]
[White "Maltsevskaya, Aleksandra"]
[Black "Faizutdinova, Diana"]
[Result "0-1"]
[WhiteElo "2285"]
[BlackElo "2006"]
[WhiteFideId "24174041"]
[BlackFideId "24143731"]
[EventDate "2016.06.22"]

1. e4 c5 2. Nf3 Nf6 3. e5 Nd5 4. Nc3 Nxc3 5. dxc3 e6 6. Bf4 Qb6 7. b3 Qc7 8. Nd2
d5 9. exd6 Bxd6 10. Bxd6 Qxd6 11. Ne4 Qxd1+ 12. Rxd1 b6 13. g3 Bd7 14. Bg2 Bc6
15. O-O Ke7 16. Rfe1 a6 17. f4 g6 18. Nd6 Bxg2 19. Kxg2 Rd8 20. Nc4 Nd7 21. Rd2
Nf6 22. Red1 Nd5 23. Kf3 Nxc3 24. Rxd8 Rxd8 25. Rxd8 Kxd8 26. Nxb6 Nxa2 27. Ke4
Kc7 28. Na4 Kd6 29. Nb6 Nb4 30. Nc4+ Ke7 31. c3 Nc6 32. Kd3 f5 33. h4 h6 34. Nd2
e5 35. fxe5 Nxe5+ 36. Ke3 g5 37. h5 Ng4+ 38. Kf3 Nf6 39. Nc4 Nxh5 40. Na5 Nf6
41. Nb7 Ne4 42. b4 Ke6 43. g4 cxb4 44. cxb4 Ke5 45. Nd8 fxg4+ 46. Kxg4 Nf6+ 47.
Kg3 h5 48. Nc6+ Ke4 49. Nb8 h4+ 50. Kg2 g4 51. Nxa6 h3+ 52. Kg1 Kf3 53. Nc5 g3
54. Ne6 h2+ 55. Kh1 Ne4 56. Nd4+ Kf2 57. Ne2 Kxe2 58. Kg2 h1=Q+ 59. Kxh1 Kf2 0-1

[Event "66th ch-RUS HL w 2016"]
[Site "Kolomna RUS"]
[Date "2016.06.22"]
[Round "1.22"]
[White "Rodionova, Polina"]
[Black "Makarenko, Alexandra"]
[Result "1-0"]
[WhiteTitle "WFM"]
[BlackTitle "WFM"]
[WhiteElo "1981"]
[BlackElo "2269"]
[WhiteFideId "24102555"]
[BlackFideId "4165055"]
[EventDate "2016.06.22"]

1. e4 e5 2. Nf3 Nc6 3. Bc4 Bc5 4. c3 Nf6 5. d3 O-O 6. Bb3 d5 7. Qe2 Bg4 8. Bg5
dxe4 9. dxe4 h6 10. Bh4 Qe7 11. Nbd2 Rad8 12. h3 Be6 13. Ba4 Bd7 14. Bc2 a6 15.
Nc4 Rfe8 16. Ne3 Be6 17. g4 g5 18. Bg3 Bxe3 19. Qxe3 Nh7 20. Nxe5 Nxe5 21. Bxe5
Bd5 22. Bd4 Bxe4 23. Bxe4 Qxe4 24. O-O-O Qd5 25. Qg3 Qxa2 26. Qf3 Rd6 27. h4
gxh4 28. Be3 Ng5 29. Qxb7 Qa1+ 30. Kc2 Qa4+ 31. Kc1 Qa1+ 32. Kc2 Qa4+ 33. Kc1
Qxg4 34. Rdg1 Qf5 35. Rxh4 Rde6 36. Rxh6 f6 37. Qxc7 R6e7 38. Qh2 Rg7 39. Qh5
Nf7 40. Rh8+ Nxh8 41. Qxe8+ 1-0